| 000 | 00550nam a22002177a 4500 | ||
|---|---|---|---|
| 003 | OSt | ||
| 020 | _a9789332574175 | ||
| 082 |
_a658.409 2 _bMCK/MA |
||
| 100 | _aMcKee, Annie | ||
| 245 |
_aManagement: _ba focus on leaders |
||
| 250 | _a2 | ||
| 260 |
_aNoida _bPearson Inda Education _c2016 |
||
| 534 | _n2013 | ||
| 546 | _aEnglish | ||
| 650 | _aCommunication | ||
| 650 | _aMotivation and meaning | ||
| 650 | _aThe leadership imperative | ||
| 650 | _aManaging and leading today | ||
| 650 | _aWorking in a virtual world | ||
| 942 |
_2ddc _cBK |
||
| 999 |
_c156408 _d156408 |
||